书目信息 |
| 题名: |
陈氏太极拳剑刀
|
|
| 作者: | 陈正雷 著 | |
| 分册: | ||
| 出版信息: | 郑州 中州古籍出版社 2009 |
|
| 页数: | 342页 | |
| 开本: | 25cm | |
| 丛书名: | ||
| 单 册: | ||
| 中图分类: | G852.111.9 , G852.241.9 | |
| 科图分类: | ||
| 主题词: | 太极拳--套路(武术) , 剑术(武术)--套路(武术) , 刀术(武术)--套路(武术) , 太极拳 , 套路(武术) , 剑术(武术) , 刀术(武术) | |
| 电子资源: | ||
| ISBN: | 978-7-5348-3200-0 | |
| 000 | 01027nam0 2200325 45 | |
| 001 | 1130208062 | |
| 005 | 20110309094133.23 | |
| 010 | @a978-7-5348-3200-0@dCNY30.00 | |
| 100 | @a20110122d2009 em y0chiy50 ea | |
| 101 | 0 | @achi |
| 102 | @aCN@b410000 | |
| 105 | @aa z 000yy | |
| 106 | @ar | |
| 200 | 1 | @a陈氏太极拳剑刀@AChen Shi Tai Ji Quan Jian Dao@f陈正雷著@FChen Zheng Lei Zhu |
| 210 | @a郑州@c中州古籍出版社@d2009 | |
| 215 | @a342页@c图@d25cm | |
| 330 | @a本书对陈氏太极的源流、发展及特点概述后,对拳理和拳论作了通俗性介绍,并分别把身体各部分的要求、手型、步型的特点作了专项阐述。 | |
| 606 | 0 | @a太极拳@x套路(武术) |
| 606 | 0 | @a剑术(武术)@x套路(武术) |
| 606 | 0 | @a刀术(武术)@x套路(武术) |
| 606 | 0 | @a太极拳 |
| 606 | 0 | @a套路(武术) |
| 606 | 0 | @a剑术(武术) |
| 606 | 0 | @a刀术(武术) |
| 610 | 0 | @a陈氏太极拳剑刀 |
| 690 | @aG852.111.9@v4 | |
| 690 | @aG852.241.9@v4 | |
| 701 | 0 | @a陈正雷@AChen Zheng Lei@f(1949.5~)@4著 |
| 801 | 0 | @aCN@bTANGWEI@c20110309 |
| 905 | @b0530497-500@dG852.111.9@e176@f4 | |
| 陈氏太极拳剑刀/陈正雷著.-郑州:中州古籍出版社,2009 |
| 342页:图;25cm |
| ISBN 978-7-5348-3200-0:CNY30.00 |
| 本书对陈氏太极的源流、发展及特点概述后,对拳理和拳论作了通俗性介绍,并分别把身体各部分的要求、手型、步型的特点作了专项阐述。 |
| ● |
| 相关链接 |
|
|
|
|
正题名:陈氏太极拳剑刀
索取号:G852.111.9/176
 
预约/预借
| 序号 | 登录号 | 条形码 | 馆藏地/架位号 | 状态 | 备注 |
| 1 | 0530497 | 205304972 | 第一样本阅览室/ [索取号:G852.111.9/176] | 在馆 | |
| 2 | 0530498 | 205304981 | 密集书库-体育系/ [索取号:G852.111.9/176] | 在馆 | |
| 3 | 0530499 | 205304990 | 第四借阅区/ [索取号:G852.111.9/176] | 在馆 | |
| 4 | 0530500 | 205305007 | 第四借阅区/ [索取号:G852.111.9/176] | 在馆 |